[Event "CHN-ch Rapid Open 2018"]
[Site "Shenzhen"]
[Date "2018.06.06"]
[Round "3"]
[White "Ma, Zhonghan"]
[Black "Li, Yankai"]
[Result "0-1"]
[WhiteElo "2489"]
[BlackElo "2435"]
[Annotator "TA"]
[PlyCount "112"]
[EventDate "2018.??.??"]
[EventType "rapid"]
[EventCountry "CHN"]
[SourceTitle "playchess.com"]
[Source "ChessBase"]
[SourceQuality "1"]

{[%evp 18,112,24,13,30,37,29,24,52,44,55,56,56,62,67,64,73,71,61,49,90,90,97,95,88,89,104,87,118,122,150,142,506,207,441,423,397,106,107,71,64,10,10,10,10,10,8,18,20,10,17,0,0,0,0,-176,-180,-180,-131,-127,-127,-134,-133,-253,-260,-343,-336,-311,-260,-260,-254,-365,-365,-452,-452,-429,-396,-381,-353,-334,-323,-296,-153,-398,-397,-567,-567,-567,-567,-567,-565,-553,-552,-502,-477,-445,-427]} 1. d4 Nf6 2. c4 e6 3. Nc3 Bb4 4. e3 O-O 5. Bd3 d5 6. Nf3 b6 7. O-O dxc4 {E52: Nimzoindisch (Moderne Variante)} (7... Ba6 8. Qe2 c5 9. dxc5 Nbd7 10. cxd5 Bxd3 11. Qxd3 Nxc5 12. Qb5 Bxc3 13. dxe6 fxe6 14. bxc3 Nfe4 15. Nd4 {½-½ (49) Mamedyarov,S (2799)-Bocharov,D (2583) Riadh 2017}) 8. Bxc4 Bb7 9. Qe2 Nbd7 10. Rd1 {LiveBook: 7 Partien} a6 11. a3 $146 ({Vorgänger:} 11. Bd2 b5 12. Bd3 c5 13. Be1 cxd4 14. Nxd4 Bc5 15. Nb3 {½-½ (40) Beeke,B (2247)-Moradiabadi,E (2567) Dieren 2015}) 11... Bxc3 12. bxc3 b5 13. Bd3 Be4 14. a4 c6 15. Ba3 Re8 16. c4 Bxd3 17. Qxd3 Qa5 18. Rdb1 {[%cal Rc4b5]} bxc4 19. Qxc4 Qd5 20. Rc1 Rec8 21. Rab1 h6 22. h3 Qa5 23. Rb7 Nb6 {[%cal Bd7b6,Bb6a4,Ba4c3][%mdl 32] [#]} 24. Qb3 $1 Rab8 $2 {[%mdl 8192]} (24... Nbd7 $16 {leistet mehr Widerstand.} 25. Qc2 Rab8 26. Rxb8 Rxb8 27. Qxc6 Qb6) 25. Rxc6 (25. Rc5 $142 {Schwarz muss nun Txb8 beachten.} Qxa4 26. Qxb6 Rxb7 27. Qxb7) 25... Rxb7 $2 (25... Nbd7) 26. Rxc8+ $18 Kh7 27. Rc6 $2 (27. Qd3+ $18 {und der Rest ist Schweigen.} g6 28. Rf8) 27... Qxa4 $16 28. Qxa4 Nxa4 29. Rxa6 (29. Nd2 $14) 29... Nc3 $11 30. Nd2 Nfe4 31. Nxe4 Rb1+ $1 32. Kh2 Nxe4 {[%mdl 4096] Endspiel KTL-KTS} 33. f3 Nd2 $1 34. Kg3 Ra1 {Und weiter mit ...Sb1 wäre nett.} 35. Ra7 Nc4 36. Rxf7 $2 (36. d5 $11) 36... Rxa3 {KTS-KT} 37. e4 Rd3 38. Re7 Rxd4 39. Rxe6 {[#]} Rd2 $1 40. Rc6 (40. f4 $17) 40... Ne3 $19 41. Rc3 Rxg2+ 42. Kf4 Re2 43. h4 Ng2+ 44. Kg4 (44. Kg3 $142) 44... Re3 45. Rc7 Ne1 46. Rf7 Kg8 47. Rf4 Nd3 48. Rf5 Nf2+ 49. Kf4 Re2 (49... Ra3 $19 50. Rb5 Nh3+ 51. Kg4 Ng1) 50. h5 $2 (50. Rd5 $17) 50... Nh3+ 51. Kg3 (51. Kg4 $142 Ng5 52. Ra5) 51... Ng5 {Schwarz steht klar auf Gewinn.} 52. Rf4 Re1 53. Kg2 Ra1 54. Rf5 Ra7 55. Rb5 Ra2+ 56. Kg3 Ra3 {Precision: Weiß = 43%, Schwarz = 59%.} 0-1

[Event "CHN-ch Rapid Open 2018"]
[Site "Shenzhen"]
[Date "2018.06.06"]
[Round "3"]
[White "Lou, Yiping"]
[Black "Gao, Rui"]
[Result "1/2-1/2"]
[WhiteElo "2484"]
[BlackElo "2561"]
[Annotator "TA"]
[PlyCount "73"]
[EventDate "2018.??.??"]
[EventType "rapid"]
[EventCountry "CHN"]
[SourceTitle "playchess.com"]
[Source "ChessBase"]
[SourceQuality "1"]

{[%evp 19,73,7,9,-11,0,-78,0,0,0,0,0,0,0,0,-10,-20,0,0,0,-6,0,0,0,0,0,0,0,0,14,0,0,0,0,0,0,-6,0,0,0,0,0,0,0,0,0,0,0,0,0,0,0,0,0,0,0,0]} 1. d4 Nf6 2. c4 g6 3. Nc3 d5 4. cxd5 Nxd5 5. e4 Nxc3 6. bxc3 Bg7 7. Be3 c5 8. Qd2 cxd4 9. cxd4 Nc6 10. Rd1 O-O {LiveBook: 41 Games} 11. h4 $146 {D85: Exchange Grünfeld: Unusual White 7th moves and lines with 7 Nf3} ({Predecessor:} 11. Nf3 Bg4 12. Be2 Rc8 13. O-O Qa5 14. h3 Bxf3 15. Bxf3 Qxd2 16. Rxd2 Na5 17. e5 Nc4 18. Rd3 Nxe3 19. fxe3 Rc7 20. Be4 Rfc8 21. Rb3 {½-½ (29) Anand,V (2811)-Carlsen,M (2826) Moscow 2011}) 11... h5 12. Bb5 {[#]} (12. Bc4 $11 {keeps the balance.}) 12... e5 (12... Nxd4 $1 $17 {[%mdl 512] Threatens to win with ...Be6.} 13. Ne2 (13. Bxd4 Bxd4 14. Qxd4 Qa5+ 15. Rd2 Qxb5 $17) 13... e5 14. Nxd4 exd4) 13. d5 $11 {The position is equal.} Nd4 14. Bd3 f5 15. Ne2 fxe4 16. Bxe4 {[%cal Re2d4]} Bf5 17. Qd3 Rc8 18. Bxd4 exd4 19. O-O Qxh4 20. Bxf5 $1 Rxf5 21. Nxd4 Bxd4 22. Qxd4 Qxd4 23. Rxd4 {[%mdl 4096] Endgame KRR-KRR} Kf7 24. Re1 Rc7 25. a4 Re7 26. Rb1 Rd7 27. g3 b6 28. a5 Rdxd5 29. Rxd5 Rxd5 30. axb6 axb6 31. Rxb6 {KR-KR} g5 32. Kg2 g4 33. Ra6 Kg7 34. Rb6 Re5 35. Ra6 Rd5 36. Rb6 Re5 37. Ra6 {Precision: White = 72%, Black = 58%.} 1/2-1/2

[Event "CHN-ch Rapid Open 2018"]
[Site "Shenzhen"]
[Date "2018.06.06"]
[Round "3"]
[White "Dai, Changren"]
[Black "Ye, Rongguang"]
[Result "1-0"]
[WhiteElo "2430"]
[BlackElo "2461"]
[Annotator "TA"]
[PlyCount "162"]
[EventDate "2018.??.??"]
[EventType "rapid"]
[EventCountry "CHN"]
[SourceTitle "playchess.com"]
[Source "ChessBase"]
[SourceQuality "1"]

{[%evp 9,162,27,21,21,59,23,30,43,38,28,31,35,38,0,0,0,0,0,9,11,41,45,82,70,77,54,64,69,91,80,81,38,44,30,43,29,36,18,20,-127,-137,-141,-133,-212,-206,-197,-202,-181,-186,-238,-62,-330,-351,-343,-343,-356,-341,-327,-352,-348,-343,-337,-307,-346,-341,-326,-271,-336,-324,-467,-263,-262,-256,-513,-554,-573,-579,-516,-493,-506,-472,-649,-508,-966,-950,-894,-755,-796,-546,-548,-425,-396,-237,-241,-245,-231,-212,-206,-216,-525,-525,-580,-325,-324,-315,-591,-320,-323,-316,-316,-314,-427,-293,-264,-62,-62,-52,-52,0,-65,0,-244,-210,-494,-521,-695,-664,-487,-412,-218,0,-453,-450,-687,-613,-598,-542,-725,-692,-1346,-1164,-973,-986,-12836,-12836,-12837,-12835,-12836,-12836,-1764,0,-1431,0,0,0]} 1. e4 e5 2. Nf3 Nf6 3. Nxe5 d6 4. Nf3 Nxe4 5. c4 c6 (5... Nc6 6. Nc3 Nxc3 7. dxc3 g6 8. Bg5 Be7 9. Bh6 Bf8 10. Bg5 Be7 11. Bh6 Bf8 12. Bg5 {½-½ (12) Jones,G (2640)-Mamedyarov,S (2804) Wijk aan Zee 2018}) 6. Nc3 {C42: Petroff Defence: 3 Nxe5 and unusual White 3rd moves} Bf5 7. d4 $146 ({Predecessor:} 7. Bd3 Ng3 8. Bxf5 Nxf5 9. O-O Be7 10. d4 O-O 11. Qd3 Nh4 12. Nxh4 Bxh4 {1-0 (32) Ulybin,M (2527)-Yuzhakov,O (2326) Khanty-Mansiysk 2007}) 7... d5 8. Bd3 {White has an edge.} Bb4 9. O-O O-O 10. Qc2 Re8 11. Ng5 Bxc3 12. bxc3 Bg6 13. Nxe4 dxe4 14. Be2 Nd7 (14... e3 $5 15. Qb3 exf2+ 16. Rxf2 b6 $14) 15. Be3 Qa5 16. Qb2 b6 17. Qb4 Qf5 18. Qd6 Rac8 19. a4 Nf6 20. a5 Bh5 21. Bxh5 Qxh5 22. axb6 axb6 23. Rfe1 b5 24. c5 (24. Ra5 $11) 24... Re6 $17 25. Qg3 Nd5 26. Bd2 (26. Qg5 $17 Qxg5 27. Bxg5) 26... Rg6 $19 27. Qe5 Qf3 $1 {[%csl Gg6][%cal Rf3g2]} 28. Bg5 Qxc3 29. Qxe4 (29. Be3 {keeps fighting.}) 29... h6 $2 $40 {[%mdl 128] Black has some attack.} ({Not} 29... Rxg5 30. Qe8+ $1 {[%mdl 512]} Rxe8 31. Rxe8#) (29... Re6 $19 30. Qb1 Rxe1+ 31. Qxe1 Qxd4) 30. Bh4 $2 {[%mdl 8192]} (30. Rec1 $15 Qb2 31. Rab1) 30... Re6 31. Qb1 {White hopes to continue with Rxe6.} Rxe1+ (31... Qxd4 $2 32. Rxe6 fxe6 33. Bg3 $19) 32. Qxe1 Qxd4 33. Bg3 Qxc5 34. Rc1 Qa3 35. h4 {If only White now had time for Rxc6!...} Qe7 36. Qd2 Qe6 37. Re1 Qg6 38. Qe2 Nf6 39. Qe7 (39. Qf3 $142) 39... Qf5 (39... Re8 $142 40. Qb4 Rxe1+ 41. Qxe1 c5) 40. Qb7 Qd7 41. Qb6 $2 (41. Qxd7 Nxd7 42. Re7) 41... c5 42. Rb1 b4 43. Qa6 Ne4 44. Bf4 Rd8 45. Be3 Qd3 46. Qa1 (46. Qxd3 $142 Rxd3 47. Bxc5 Nxc5 48. Rxb4) 46... Nc3 47. Re1 c4 48. Bb6 Rb8 49. Qa7 Rc8 50. Qb7 Qf5 (50... Rf8 $142 51. Bc5 Qd2) 51. Bd4 Rd8 52. Qxb4 Rxd4 53. Qxc3 Rxh4 {[%mdl 4096] Endgame KQR-KQR} 54. g3 $2 (54. Qe5 {is a better chance.} Qg6 55. Qd5) 54... Re4 55. Rd1 Kh7 56. Kg2 Qg6 57. Rd7 $2 (57. Ra1) 57... Qe6 58. Rc7 Qd5 {( -> ...Re3+)} 59. Qf3 f5 60. Rc8 Qe6 61. Rc5 {[#]} Re5 $2 ({Black should play} 61... f4 $1 $19 {aiming for ...fxg3.} 62. g4 (62. gxf4 Rd4) 62... Rd4) 62. Rc7 $15 Re1 {Threatens to win with ...Qe4.} 63. Rc5 $1 Re5 (63... c3 $5) 64. Rc7 $1 Re4 $2 (64... Qa6 $15) 65. Rc5 $1 $19 Kg6 66. Rc7 $2 (66. Kh3 {is a better defense.}) 66... Qd5 67. Rc8 h5 68. Rb8 Qc6 69. Rf8 Qd5 $2 (69... Re6 70. Rxf5 Qxf3+ 71. Rxf3 Rc6) 70. Rb8 $1 Rd4 71. Qxd5 Rxd5 {KR-KR} 72. Rc8 Rd4 73. Kh3 Kf6 74. f4 Ke6 75. Kh4 Kd5 76. Kxh5 Ke4 77. Kg5 Kf3 78. Kh4 Ke3 79. Kg5 Kf3 80. Kh4 $1 Re4 $2 ({Better is} 80... Ke2 $19 81. Rc7 Kd3) 81. Rc7 $11 g6 {[%mdl 32768] Precision: White = 45%, Black = 60%. . Loss on Time!?} 1-0

[Event "CHN-ch Rapid Open 2018"]
[Site "Shenzhen"]
[Date "2018.06.06"]
[Round "3"]
[White "Peng, Xiongjian"]
[Black "Li, Di"]
[Result "1/2-1/2"]
[WhiteElo "2427"]
[BlackElo "2450"]
[Annotator "TA"]
[PlyCount "162"]
[EventDate "2018.??.??"]
[EventType "rapid"]
[EventCountry "CHN"]
[SourceTitle "playchess.com"]
[Source "ChessBase"]
[SourceQuality "1"]

{[%evp 21,162,0,0,0,0,-10,0,0,0,-1,0,-17,-14,-103,0,0,0,-36,11,-60,-55,-153,-69,-55,-16,-56,-6,-56,-52,-121,-108,-119,-79,-83,-78,-102,-91,-118,-118,-128,-136,-134,-129,-147,-130,-135,-135,-162,-154,-163,-151,-225,-222,-231,-231,-251,-245,-312,-336,-356,-356,-331,-309,-352,-325,-334,-247,-235,-20,-30,-32,-49,-8,-15,-8,-43,-64,-52,0,0,0,0,0,0,0,-152,-154,-240,-211,-395,-371,-517,-454,-454,-8,-16,-6,-8,0,0,0,0,0,0,0,0,0,0,0,0,0,0,0,0,0,0,0,0,0,0,0,0,0,0,0,0,0,0,0,0,0,0,0,0,0,0,0,0,0,0,0,0,0]} 1. d4 d5 2. c4 c6 3. Nc3 Nf6 4. Nf3 e6 5. cxd5 exd5 6. Bg5 h6 7. Bh4 Bf5 8. e3 Nbd7 {[%cal Bb8d7,Bd7b6,Bb6c4][%mdl 32]} 9. Bd3 Bxd3 10. Qxd3 Be7 11. O-O O-O {LiveBook: 58 Games} 12. Rfc1 {D35: Queen's Gambit Declined: Exchange Variation} (12. Bg3 Re8 13. Qc2 Nh5 14. Be5 Nhf6 15. Bg3 Nh5 16. Be5 Nhf6 {½-½ (16) Stern,R (2538)-Khenkin,I (2594) Saarbruecken 2015}) 12... Re8 13. Qc2 $146 ({Predecessor:} 13. Bg3 Bf8 14. Qf5 a5 15. Rab1 Ne4 16. Nxe4 dxe4 17. Nd2 Nf6 18. Nc4 Re6 19. a4 Nd5 {½-½ (33) Benzoni,A (2446)-Gilabert Mallol,E (2440) ICCF email 2010}) 13... Nb6 14. Bxf6 Bxf6 15. b4 a6 16. Na4 Nc4 17. Nd2 {[#]} (17. Nb2 $11 {remains equal.}) 17... b5 (17... Bxd4 $1 $17 {[%mdl 512]} 18. Nxc4 (18. exd4 $2 Re2 $19) 18... Bxa1) 18. Nc5 $11 a5 19. a3 Ra7 20. Nf3 (20. bxa5 $11 Qxa5 21. Ndb3) 20... Be7 $15 21. Ne5 (21. h3 $15) 21... Qc8 (21... Bxc5 $1 $17 22. Nxc6 Qc7 23. Nxa7 Bxa7 24. bxa5 Bb8) 22. Ned3 Bd6 23. h3 Qf5 (23... a4 {is more complex.} 24. Ne1 Rae7 25. Nf3 h5 26. Nh4 g6) 24. bxa5 Bxc5 $1 25. dxc5 ({Better is} 25. Nxc5 $15 Qxc2 26. Rxc2) 25... Rxa5 $17 26. Nb4 Qxc2 (26... Qc8 {with more complications.} 27. Rd1 Ra4 28. Qb3 Re7 29. Ra2 Qa8) 27. Rxc2 Rc8 ({Stronger than} 27... Rxa3 28. Rxa3 Nxa3 29. Rc3 $16 (29. Ra2 Nc4 $14)) 28. Rca2 Ra4 29. Kf1 Kf8 30. Ke2 Ke7 31. Kd3 Kd7 32. Kc3 Re8 33. Rd1 Na5 ({Don't do} 33... Nxa3 34. Rda1 $15) 34. Rd4 Nb7 $1 35. Nd3 {and if Rxa4 works, White does fine.} Rc4+ 36. Kd2 (36. Kb2 $17) 36... Nxc5 $19 37. Nxc5+ Rxc5 {[%mdl 4096] Endgame KRR-KRR} 38. a4 Ra8 39. a5 Rc4 40. Rxc4 dxc4 {KR-KR} ({Less strong is} 40... bxc4 41. Kc3 $17) 41. Kc3 c5 42. e4 Kc7 43. e5 Rd8 44. a6 {[#]} Kb8 $2 (44... Kb6 $1 $19 45. f4 Rd3+ 46. Kc2 Ka7) 45. Ra5 $1 $11 {[%cal Ra5b5]} Rd3+ 46. Kc2 Rb3 47. f4 $1 g6 {next ...Ka7 is good for Black.} 48. a7+ Ka8 49. g4 $1 Rf3 (49... b4 $15 50. f5 Rc3+ 51. Kb2 Rb3+ 52. Kc2 Rc3+ 53. Kb2 Rb3+ 54. Kc2) 50. Rxb5 Kxa7 51. Rxc5 {Threatens to win with Rc7+.} Rxf4 52. Kc3 Kb6 53. Rc8 $2 {[#]} ({Only move:} 53. Rxc4 $11 Rf3+ 54. Kd4) 53... Kb5 $1 $17 54. Rf8 (54. Rc7 $17) 54... g5 $19 55. Rh8 $2 (55. Kd2 {keeps fighting.}) 55... Rf3+ 56. Kd4 Rd3+ 57. Ke4 Rxh3 $2 ({Black should try} 57... Rd1 $19 58. Rc8 Rd7 59. Rb8+ Ka4) 58. Rf8 {The position is equal.} c3 59. Rxf7 Kc6 {...c2 is the strong threat.} 60. Rf6+ $1 Kd7 {White must now prevent ...c2.} 61. Rf7+ Ke6 62. Rf6+ Ke7 63. Rc6 Rg3 64. Kd5 Rd3+ 65. Ke4 Rg3 (65... Kd7 {is interesting.} 66. Rc5 Rg3 67. Kd5 Rxg4 68. e6+ Ke7) 66. Kd5 Rxg4 67. Rxc3 Kf7 68. e6+ Kf6 69. Rh3 Rg1 70. Rxh6+ Ke7 71. Rh7+ Ke8 72. Kd6 {[%cal Rh7h8]} Rd1+ 73. Ke5 g4 74. Rg7 g3 75. Rxg3 Re1+ 76. Kd6 {[%cal Rg3g8]} Rd1+ 77. Ke5 Re1+ 78. Kf6 {[%cal Rg3g8]} Rf1+ 79. Ke5 Re1+ 80. Kf6 {[%cal Rg3g8]} Rf1+ 81. Ke5 Re1+ {Precision: White = 49%, Black = 51%.} 1/2-1/2

[Event "CHN-ch Rapid Open 2018"]
[Site "Shenzhen"]
[Date "2018.06.06"]
[Round "3"]
[White "Chu, Wei Chao"]
[Black "Zhou, Jianchao"]
[Result "1/2-1/2"]
[WhiteElo "2399"]
[BlackElo "2615"]
[Annotator "TA"]
[PlyCount "124"]
[EventDate "2018.??.??"]
[EventType "rapid"]
[EventCountry "CHN"]
[SourceTitle "playchess.com"]
[Source "ChessBase"]
[SourceQuality "1"]

{[%evp 26,124,-48,-60,0,0,0,0,0,-16,0,0,0,-8,0,-47,-57,-46,-29,-101,-7,-12,-17,-86,-7,-31,-31,-31,-31,-31,-31,-30,-30,-24,-25,-25,-25,-34,-19,-23,-18,-41,-34,-34,-22,-41,-36,-41,-41,-41,-41,-41,-34,-34,-34,-35,-35,-41,-35,-35,-35,-43,-34,-43,-41,-57,-43,-48,-35,-40,-40,-40,-12,-12,-2,-2,-2,-2,-2,-2,-2,-2,-2,-2,-2,-2,-2,-2,-2,-2,0,-2,-2,-2,0,0,0,0,0,0,0]} 1. d4 Nf6 2. c4 e6 3. g3 c5 4. d5 exd5 5. cxd5 d6 6. Nc3 g6 7. Bg2 Bg7 8. Nf3 O-O 9. O-O Re8 10. Bf4 Na6 11. h3 Nc7 12. a4 Ne4 {A62: Modern Benoni: Fianchetto Variation without early ...Nbd7} 13. Nxe4 Rxe4 14. Nd2 {LiveBook: 8 Games} Rxf4 (14... Rb4 $15) 15. gxf4 $11 Bxb2 16. Rb1 Bg7 {[%cal Bb2g7,Bg7h6,Bh6f4][%mdl 32]} 17. Re1 $146 ({Predecessor:} 17. a5 a6 18. Nc4 Nb5 19. Qd3 Bd7 20. e3 {½-½ (30) Matnadze,A (2368)-Arizmendi Martinez,J (2529) Linares 2015}) 17... b6 18. e4 Bh6 19. Qf3 Qh4 20. e5 Bf5 21. exd6 Ne8 22. Ne4 {[#]} (22. d7 $11 Nf6 23. Ne4 Nxd7 24. Qg3 Qxf4 25. Re2) 22... Qxf4 ({Black should try} 22... Bxe4 $1 $17 23. Qxe4 Nxd6) 23. Qxf4 Bxf4 24. a5 (24. d7 $1 $11 {keeps the balance.} Bxd7 25. a5) 24... Rb8 ({But not} 24... bxa5 $6 25. d7 $14) ({Black should play} 24... Nxd6 $17 25. axb6 axb6 26. Nxd6 Bxb1 27. Rxb1 Bxd6 28. Rxb6 Ra1+ 29. Bf1 Bf8) 25. axb6 axb6 26. Nxc5 {[#] Threatens to win with Rxb6!} Bxb1 27. d7 Nf6 28. Rxb1 Rd8 29. Rxb6 Nxd7 30. Nxd7 Rxd7 {[%mdl 4096] Endgame KRB-KRB} 31. Bf3 Rc7 32. Rc6 Ra7 33. Rc2 Ra3 34. Kg2 Rd3 35. Re2 Kg7 36. Be4 Rd4 37. Bf3 Bd6 38. Re1 h5 39. Rd1 Rf4 40. Rc1 Kf6 41. Re1 Rd4 42. Rd1 Rb4 43. Rd2 Kf5 44. Re2 Rd4 45. Re8 Kg5 46. Re4 Rd3 47. Re3 Rxe3 48. fxe3 $15 {KB-KB} Kh4 49. Bd1 {The position is equal.} f5 50. Ba4 Bc5 51. Be8 Kg5 52. Kf3 Bd6 53. Bf7 Kf6 54. Be8 Kg7 55. Kg2 Kh6 56. Bd7 Kg5 57. Be8 Kf6 58. Kf3 h4 59. e4 g5 60. exf5 Kxf5 61. Bd7+ $1 Ke5 62. Be6 Bb4 {Precision: White = 54%, Black = 46%.} 1/2-1/2

[Event "CHN-ch Rapid Open 2018"]
[Site "Shenzhen"]
[Date "2018.06.06"]
[Round "3"]
[White "Zhao, Zhouqiao CHN"]
[Black "Wan, Yunguo"]
[Result "0-1"]
[WhiteElo "2223"]
[BlackElo "2499"]
[Annotator "TA"]
[PlyCount "96"]
[EventDate "2018.??.??"]
[EventType "rapid"]
[EventCountry "CHN"]
[SourceTitle "playchess.com"]
[Source "ChessBase"]
[SourceQuality "1"]

{[%evp 11,96,0,5,-18,-16,-20,2,-14,0,-27,-4,-14,0,-19,-6,0,-7,0,-13,-54,-54,-45,-51,-51,-43,-70,18,9,0,0,0,14,50,0,12,-24,-38,-33,-33,-9,-12,-16,-17,-75,-75,-81,-79,-70,-69,-61,-66,-157,-157,-157,-157,-244,-273,-273,-273,-266,-252,-266,-227,-253,-252,-236,-215,-333,-306,-543,-427,-640,-588,-896,-844,-834,-791,-1418,-1443,-5704,-787,-5815,-5683,-5575,-4722,-29963,-4638]} 1. d4 Nf6 2. Nf3 g6 3. Bf4 Bg7 4. c3 c5 5. e3 O-O 6. h3 cxd4 7. cxd4 {A48: 1 d4 Nf6 2 Nf3 g6: Torre, London and Colle Systems} (7. exd4 d6 8. Be2 Nc6 9. O-O Be6 10. Nbd2 Qb6 11. Qb1 Rac8 12. a4 Rfe8 13. Re1 Bd5 14. Nc4 Bxc4 15. Bxc4 Nxd4 16. Bxf7+ Kxf7 17. Nxd4 e5 18. Qa2+ {1-0 (36) Andreikin,D (2743)-Grischuk,A (2747) ICC INT 2016}) 7... Qb6 8. Qc1 Nd5 $146 ({Predecessor:} 8... d6 9. Nc3 Nc6 10. Be2 Bf5 11. O-O Rac8 12. Nh4 Bd7 13. Nf3 Bf5 14. Qd2 Ne4 15. Nxe4 Bxe4 {1-0 (48) Nassr,A (2244)-Boudjourfa,A (2091) Oran 2018}) 9. Bh2 {The position is equal.} d6 10. Nc3 (10. Nbd2 {with more complications.} Bd7 11. Bc4 Nf6 12. O-O Rc8 13. Qd1) 10... Nxc3 11. bxc3 Bf5 12. Qd2 Rc8 13. Be2 $1 Nd7 {[%cal Bb8d7,Bd7f6,Bf6e4][%mdl 32] Black wants to play ...Nf6.} 14. O-O Nf6 15. c4 Ne4 16. Qe1 Qb2 17. Rb1 Qxa2 18. Rxb7 Rab8 (18... Bf6 $15) 19. Qb1 $1 $11 Qxb1 20. Rfxb1 Rxb7 21. Rxb7 Ra8 22. Bd3 a5 {[%cal Ba7a5,Ba5a4][%mdl 32]} 23. Rb3 Nc5 $36 {[%mdl 2048] Black is pushing.} 24. dxc5 a4 25. Ra3 Bxd3 26. cxd6 exd6 27. Bxd6 (27. Nd2 $11 {remains equal.} Bf5 28. Bxd6) 27... Bxc4 $17 {[#] Strongly threatening ...Bb2.} 28. Nd4 Bf8 29. Bxf8 Kxf8 {[%mdl 4096] Endgame KRB-KRN} 30. Rc3 Bd5 {aiming for ...a3.} 31. Rc5 (31. Nb5 $15) 31... Be6 32. Nxe6+ fxe6 {KR-KR} 33. Rc2 (33. Kf1 $17 {keeps fighting.}) 33... a3 $19 {[#] Hoping for ...a2.} 34. Ra2 Ke7 35. Kf1 Kd6 36. Ke1 {intending Kd2.} Kc5 37. Kd2 Kb4 38. Kc2 Rd8 39. Ra1 (39. h4 $142) 39... Rc8+ 40. Kd3 $2 (40. Kd2 {was forced.}) 40... Rc3+ 41. Kd4 (41. Kd2 $142 Rb3 42. Kc1) 41... Rc2 42. f4 Rxg2 43. Ke5 Re2 44. e4 a2 45. Kxe6 Rxe4+ 46. Kf7 Rxf4+ 47. Kg7 Kb3 48. Kxh7 Rh4+ {Precision: White = 30%, Black = 78%.} 0-1

[Event "CHN-ch Rapid Open 2018"]
[Site "Shenzhen"]
[Date "2018.06.06"]
[Round "4"]
[White "Wei, Yi"]
[Black "Chu, Wei Chao"]
[Result "1-0"]
[WhiteElo "2734"]
[BlackElo "2399"]
[Annotator "TA"]
[PlyCount "83"]
[EventDate "2018.??.??"]
[EventType "rapid"]
[EventCountry "CHN"]
[SourceTitle "playchess.com"]
[Source "ChessBase"]
[SourceQuality "1"]

{[%evp 24,83,17,-18,-25,-28,-14,-14,53,16,25,20,23,3,11,18,12,1,26,0,10,0,61,69,81,83,83,41,36,10,93,15,113,22,20,21,23,0,20,-13,0,0,0,-14,-14,-18,-9,-17,0,0,0,0,0,0,0,0,0,0,0,0,349,341]} 1. d4 Nf6 2. c4 c5 3. d5 e6 4. Nc3 exd5 5. cxd5 d6 6. Nf3 g6 7. Nd2 Bg7 8. e4 O-O 9. Be2 Re8 10. O-O Na6 11. Re1 Nc7 12. a4 {A78: Modern Benoni: Classical: 9...Re8 10 Nd2 Na6} Rb8 13. Qc2 {LiveBook: 6 Games} (13. Bf1 a6 14. a5 Bd7 15. Nc4 Bb5 16. Bf4 Bxc4 17. Bxc4 Nh5 18. Bd2 b5 19. axb6 Rxb6 {½-½ (50) Vachier Lagrave,M (2789)-Caruana,F (2804) Leuven 2016}) 13... a6 14. a5 {Black has an edge.} Bd7 $1 15. Nc4 Bb5 (15... Nb5 $11) 16. f3 $146 ({Predecessor:} 16. Bg5 h6 17. Bh4 g5 18. Bg3 Bxc4 19. Bxc4 Nh5 {0-1 (54) Goettelmann,G (2007)-Marholev,D (2356) Avoine 2012}) 16... Bxc4 17. Bxc4 Nd7 18. Be3 b5 19. axb6 Rxb6 20. Ra2 Qb8 21. b3 (21. Bf1 {feels hotter.} Qd8 22. Nd1 Be5 23. g3 Nb5 24. Qf2) 21... Ne5 22. Ne2 {[%cal Bc3e2,Be2c1,Bc1d3][%mdl 32]} (22. Bf2 {with more complications.} Rb4 23. Ne2 Qb6 24. Be3 Rb8 25. Kf1) 22... Nxc4 (22... f5 $11) 23. bxc4 $14 Rb4 24. Nc1 Qb6 25. Nd3 Rb3 26. Bd2 {And now Ba5 would win.} Rb8 (26... Bd4+ $11 27. Kh1 Rb8) 27. Ba5 ({White should try} 27. e5 $16) 27... Qb7 (27... Bd4+ $11 {keeps the balance.} 28. Kh1 Qb7) 28. h3 (28. e5 $16) 28... Bd4+ $11 29. Kh2 Ne8 30. f4 f6 31. Nc1 Rb2 32. Rxb2 Qxb2 33. Qxb2 Rxb2 34. Re2 $1 Rb1 35. Rc2 f5 36. exf5 gxf5 37. Ne2 Nf6 38. Nxd4 cxd4 39. Rd2 Ra1 {aiming for ...Ne4.} 40. Bb6 Ne4 41. Rxd4 {c5! is the strong threat.} a5 $2 {[%mdl 8192] [#]} (41... Kf7 $11 {and Black has nothing to worry.}) 42. c5 $1 {[%mdl 512] Precision: White = 51%, Black = 39%.} 1-0